Rhodes / (Record no. 186864)
[ view plain ]
| 000 -LEADER | |
|---|---|
| fixed length control field | 00915 a2200169 4500 |
| 003 - CONTROL NUMBER IDENTIFIER | |
| control field | Nust |
| 005 - DATE AND TIME OF LATEST TRANSACTION | |
| control field | 20230328124155.0 |
| 040 ## - CATALOGING SOURCE | |
| Transcribing agency | Nust |
| 082 ## - DEWEY DECIMAL CLASSIFICATION NUMBER | |
| Classification number | 808.823,MIL |
| 100 ## - MAIN ENTRY--PERSONAL NAME | |
| Personal name | Millin, Sarah Gertrude |
| 9 (RLIN) | 111521 |
| 245 ## - TITLE STATEMENT | |
| Title | Rhodes / |
| Statement of responsibility, etc. | Sarah Certrude Millin |
| 260 ## - PUBLICATION, DISTRIBUTION, ETC. | |
| Place of publication, distribution, etc. | London |
| Name of publisher, distributor, etc. | Chatto |
| Date of publication, distribution, etc. | 1945 |
| 300 ## - PHYSICAL DESCRIPTION | |
| Extent | 389:p |
| 505 ## - FORMATTED CONTENTS NOTE | |
| Formatted contents note | The Matoppos and Bishop Stortford (Page-1), The South Africa to Which Rhodes Came (Page-8), From Kimberley to Oxford (Page-19), The Disciple of Ruskin (Page-28), The Trekking Boers (Page-37), Who Shall have Bechuanaland (Page-56),The First Step North (Page-69), Rhodes Founds his Gold Fields Company (Page-74), The Concession Hunters (Page-100), Rhodes Takes his North (Page-110), Rhodes Prime Minister of the Cape (Page-125), Rhodes this Sort of Man and That (Page-135), The Home Rhodes Built (Page-146), The Peak of Existence (Page-154). |
| 650 ## - SUBJECT ADDED ENTRY--TOPICAL TERM | |
| Topical term or geographic name entry element | Novel |
| 9 (RLIN) | 2525 |
| 942 ## - ADDED ENTRY ELEMENTS (KOHA) | |
| Source of classification or shelving scheme | |
| Koha item type | Fiction |
| Withdrawn status | Lost status | Source of classification or shelving scheme | Damaged status | Not for loan | Permanent Location | Current Location | Shelving location | Date acquired | Full call number | Barcode | Date last seen | Price effective from | Koha item type | Public note |
|---|---|---|---|---|---|---|---|---|---|---|---|---|---|---|
| Military College of Signals (MCS) | Military College of Signals (MCS) | Fiction | 12/12/2016 | 808.823,MIL | MCS29273 | 12/08/2016 | 12/12/2016 | Fiction | Almirah No.75, Shelf No.3 |
